000 01045cam a2200277 i 4500
001 18231931
005 20170105102933.0
008 140718s2014 nyub b 001 0 eng
010 _a 2014028152
020 _a9781594206146 (hardcover)
040 _aDLC
_beng
_cDLC
_erda
_dDLC
042 _apcc
050 0 0 _aJZ1242
_b.K575 2014
082 0 0 _a327
_223
_bKIS 2014
100 1 _aKissinger, Henry,
_d1923-
245 1 0 _aWorld order /
_cHenry Kissinger.
300 _a420 pages :
_bmaps ;
_c25 cm
504 _aIncludes bibliographical references (pages 379-403) and index.
650 0 _aWorld politics
_y21st century.
650 0 _aSecurity, International.
650 0 _aInternational relations.
650 0 _aGeopolitics.
906 _a7
_bcbc
_corignew
_d1
_eecip
_f20
_gy-gencatlg
942 _2ddc
_cBK
999 _c16151
_d16151